000 01046cam a2200337 a 4500
001 4667
003 FISKH
005 20250421122739.0
008 980227s1998 nyua b 000 0 eng
010 _a 98014975
020 _a0789437627 (hc : alk. paper)
020 _a9780756672058
020 _a0789434385 (pbk. : alk. paper)
040 _aDLC
_cDLC
_dDLC
_beng
050 _aQL496.D87
082 _a595.7153
100 1 _aDussling, Jennifer.
245 1 0 _aBugs! bugs! bugs! /
_cwritten by Jennifer Dussling.
260 _aNew York :
_bDK Publishing,
_c1998.
300 _a32 pages :
_bcolor illustrations ;
_c23 cm
440 0 _aEyewitness readers.
_nLevel 2
505 _aO
520 _aDescribes the hunting activities of various bugs, including the praying mantis, wood ant, and dragonfly.
521 0 _a620
_bLexile
521 0 _aO
650 0 _aPredatory insects
_xJuvenile literature.
650 1 _aInsects.
906 _a7
_bcbc
_corignew
_d1
_eocip
_f19
_gy-gencatlg
942 _2ddc
_cBK
_n0
999 _c4667
_d4667